<?xml version="1.0" encoding="UTF-8"?>
<record
    xmlns:xsi="http://www.w3.org/2001/XMLSchema-instance"
    xsi:schemaLocation="http://www.loc.gov/MARC21/slim http://www.loc.gov/standards/marcxml/schema/MARC21slim.xsd"
    xmlns="http://www.loc.gov/MARC21/slim">

  <leader>00906cam a22002651  4500</leader>
  <controlfield tag="001">af 47002762 </controlfield>
  <controlfield tag="003">DLC</controlfield>
  <controlfield tag="005">20260227110816.0</controlfield>
  <controlfield tag="008">850124s1945    it ef    b    000 0 ita c</controlfield>
  <datafield tag="010" ind1=" " ind2=" ">
    <subfield code="a">af 47002762 </subfield>
  </datafield>
  <datafield tag="035" ind1=" " ind2=" ">
    <subfield code="a">(OCoLC)11616025</subfield>
  </datafield>
  <datafield tag="040" ind1=" " ind2=" ">
    <subfield code="a">Art Institute of Chicago. Ryerson Library</subfield>
    <subfield code="c">CLU</subfield>
    <subfield code="d">DLC</subfield>
  </datafield>
  <datafield tag="042" ind1=" " ind2=" ">
    <subfield code="a">premarc</subfield>
  </datafield>
  <datafield tag="050" ind1="0" ind2="0">
    <subfield code="a">N6923.B9</subfield>
    <subfield code="b">M35 1945</subfield>
  </datafield>
  <datafield tag="082" ind1=" " ind2=" ">
    <subfield code="a">704.91</subfield>
  </datafield>
  <datafield tag="100" ind1="1" ind2=" ">
    <subfield code="a">Mariani, Valerio,</subfield>
    <subfield code="d">1899-</subfield>
  </datafield>
  <datafield tag="245" ind1="1" ind2="0">
    <subfield code="a">Michelangelo, con quaranta tavole fuori testo.</subfield>
  </datafield>
  <datafield tag="260" ind1=" " ind2=" ">
    <subfield code="a">[Torino]</subfield>
    <subfield code="b">Unione tipografico-editrice torinese,</subfield>
    <subfield code="c">1945.</subfield>
  </datafield>
  <datafield tag="300" ind1=" " ind2=" ">
    <subfield code="a">2 p. l., 7-313 p.</subfield>
    <subfield code="b">XL pl. (incl. plan) on 20 l.</subfield>
    <subfield code="c">22 cm.</subfield>
  </datafield>
  <datafield tag="490" ind1="1" ind2=" ">
    <subfield code="a">I Grandi italiani, collana di biografie,</subfield>
    <subfield code="v">v. 13</subfield>
  </datafield>
  <datafield tag="500" ind1=" " ind2=" ">
    <subfield code="a">"Ristampa corretta della prima edizione 1942."</subfield>
  </datafield>
  <datafield tag="504" ind1=" " ind2=" ">
    <subfield code="a">"Nota bibliografica": p. 309-310.</subfield>
  </datafield>
  <datafield tag="600" ind1="0" ind2="0">
    <subfield code="a">Michelangelo Buonarroti,</subfield>
    <subfield code="d">1475-1564.</subfield>
  </datafield>
  <datafield tag="830" ind1=" " ind2="0">
    <subfield code="a">Grandi italiani ;</subfield>
    <subfield code="v">v. 13.</subfield>
  </datafield>
  <datafield tag="999" ind1=" " ind2=" ">
    <subfield code="c">1865</subfield>
    <subfield code="d">1865</subfield>
  </datafield>
</record>
